000 00692nam a2200289Ia 4500
005 20260324124927.0
008 008 260324s9999 xx 000 0 eng d
020 _a9781315251752
037 _aEBOOK
040 _aCRL
040 _beng
040 _cCRL
041 _2eng
041 _aeng
084 _qCRL
100 _aHamid Reza Kusha
_91176033
245 0 _aIslam in American Prisons
245 0 _bBlack Muslims' Challenge to American Penology
260 _bTaylor and Francis
260 _c2009
365 _a
365 _b240
856 _uhttp://www.taylorfrancis.com/books/9781315251752
942 _cEBOOK
999 _c1770842
_d1770842